[Event "Rheinland Pfalz op 6th"]
[Site "Gau Algesheim"]
[Date "2014.06.21"]
[Round "6"]
[White "Bloch, Colin"]
[Black "Von Lossow, Marcus"]
[Result "1-0"]
[WhiteElo "1562"]
[BlackElo "1791"]
[PlyCount "89"]
[EventDate "2014.06.19"]
[EventType "swiss"]
[EventRounds "7"]
[EventCountry "GER"]
[SourceTitle "CBM 161 Extra"]
[Source "ChessBase"]
[SourceDate "2014.08.29"]
[SourceVersion "1"]
[SourceVersionDate "2014.08.29"]
[SourceQuality "1"]

1. e4 e5 2. Nf3 Nc6 3. Bc4 Nf6 4. d4 exd4 5. e5 d5 6. Bb5 Ne4 7. Nxd4 Bd7 8. Nxc6 Bxc6 9. Bxc6+ bxc6 10. 0-0 Qe7 11. Bf4 Qb4 12. Nd2 Nxd2 13. Qxd2 Qxd2 14. Bxd2 Bc5 15. b3 Kd7 16. Rfe1 Rhe8 17. Re2 Bd4 18. Rae1 Re6 19. Kf1 Rae8 20. f4 f6 21. c3 Bc5 22. exf6 Rxe2 23. Rxe2 Rxe2 24. Kxe2 gxf6 25. f5 Bg1 26. h3 Bh2 27. Kf3 Be5 28. g4 Ke7 29. Be3 a6 30. Bd4 Kd6 31. b4 Bxd4 32. cxd4 h6 33. Kg3 a5 34. a3 axb4 35. axb4 c5 36. bxc5+ Kc6 37. Kf4 Kd7 38. h4 Ke7 39. g5 hxg5+ 40. hxg5 fxg5+ 41. Kxg5 Kf7 42. f6 c6 43. Kf5 Kf8 44. Ke6 Ke8 45. Kd6 1-0

[Event "Rheinland Pfalz op 6th"]
[Site "Gau Algesheim"]
[Date "2014.06.20"]
[Round "3"]
[White "Musiolik, David"]
[Black "Bloch, Colin"]
[Result "0-1"]
[WhiteElo "1435"]
[BlackElo "1562"]
[PlyCount "88"]
[EventDate "2014.06.19"]
[EventType "swiss"]
[EventRounds "7"]
[EventCountry "GER"]
[SourceTitle "CBM 161 Extra"]
[Source "ChessBase"]
[SourceDate "2014.08.29"]
[SourceVersion "1"]
[SourceVersionDate "2014.08.29"]
[SourceQuality "1"]

1. d4 Nf6 2. e3 g6 3. b3 d5 4. Bb2 Bg7 5. Nf3 0-0 6. Bd3 c5 7. Nbd2 Nc6 8. a3 cxd4 9. Nxd4 Bg4 10. Be2 Bxe2 11. Qxe2 Rc8 12. Rc1 e6 13. 0-0 a6 14. c4 Nxd4 15. Bxd4 Qa5 16. a4 Rfd8 17. cxd5 Qxd5 18. Nc4 Rc6 19. Rfd1 Qf5 20. Be5 Rxd1+ 21. Rxd1 Rxc4 22. Bxf6 Rc2 23. g4 Bxf6 24. gxf5 Rxe2 25. fxe6 fxe6 26. Rd6 Bh4 27. Rxe6 Bxf2+ 28. Kf1 Rxe3 29. Rb6 Rf3 30. Rxb7 a5 31. Rb5 Rf4 32. Kg2 Be1 33. Re5 Bb4 34. Re3 Kf7 35. Kg3 g5 36. Rd3 Ke6 37. Re3+ Kf5 38. h3 h6 39. Kg2 Rd4 40. Kg3 Rd2 41. h4 g4 42. h5 Bd6+ 43. Kh4 Rh2+ 44. Rh3 Rxh3# 0-1

[Event "Rheinland Pfalz op 6th"]
[Site "Gau Algesheim"]
[Date "2014.06.19"]
[Round "1"]
[White "Hupprich, Thorsten"]
[Black "Bloch, Colin"]
[Result "1-0"]
[WhiteElo "1986"]
[BlackElo "1562"]
[PlyCount "101"]
[EventDate "2014.06.19"]
[EventType "swiss"]
[EventRounds "7"]
[EventCountry "GER"]
[SourceTitle "CBM 161 Extra"]
[Source "ChessBase"]
[SourceDate "2014.08.29"]
[SourceVersion "1"]
[SourceVersionDate "2014.08.29"]
[SourceQuality "1"]

1. c4 Nf6 2. Nc3 d5 3. cxd5 Nxd5 4. g3 g6 5. Bg2 Nxc3 6. bxc3 Bg7 7. Rb1 Nd7 8. Nf3 0-0 9. 0-0 c6 10. c4 e5 11. d3 Re8 12. Ng5 Qc7 13. a4 Nf6 14. Bb2 Bf5 15. Qb3 Rad8 16. h3 h6 17. e4 Bc8 18. Nf3 c5 19. Nh2 Nh5 20. Rfd1 Re6 21. Nf1 Rb6 22. Qc2 Rb4 23. Bc3 Rxb1 24. Qxb1 Rd6 25. Ne3 Qd7 26. Qc2 Qe8 27. a5 Bd7 28. Ra1 Bf6 29. Nd5 Bd8 30. Qb2 Bc6 31. Bxe5 Rd7 32. g4 Bxd5 33. cxd5 f6 34. Bh2 Ng7 35. d4 cxd4 36. Qxd4 b6 37. axb6 Bxb6 38. Qa4 Qc8 39. Bg3 Ne8 40. Rd1 Kg7 41. Bf1 Nd6 42. e5 fxe5 43. Bxe5+ Kh7 44. Qc6 Qd8 45. Bd3 Qe7 46. Bg3 Rd8 47. Kg2 Qc7 48. Re1 Qxc6 49. dxc6 Ne8 50. Re7+ Kg8 51. Bxg6 1-0

[Event "Rheinhessen-ch U16/U18"]
[Site "Heidesheim"]
[Date "2014.01.07"]
[Round "7"]
[White "Bloch, Colin"]
[Black "Litzinger, Carsten"]
[Result "1/2-1/2"]
[WhiteElo "1358"]
[BlackElo "1141"]
[PlyCount "60"]
[EventDate "2014.01.07"]
[EventType "swiss"]
[EventRounds "7"]
[EventCountry "GER"]
[SourceTitle "EXT 2015"]
[Source "ChessBase"]
[SourceDate "2014.11.20"]
[SourceVersion "1"]
[SourceVersionDate "2014.11.20"]
[SourceQuality "1"]

1. e4 e5 2. Nf3 Nc6 3. Bc4 d6 4. 0-0 Be7 5. d4 Bg4 6. h3 Bh5 7. d5 Nd4 8. Nbd2 c6 9. c3 Nxf3+ 10. Nxf3 Nf6 11. Qd3 0-0 12. Ne1 Bg6 13. dxc6 bxc6 14. f4 exf4 15. Rxf4 d5 16. Bb3 Nxe4 17. Qe2 Bg5 18. Nf3 Bxf4 19. Bxf4 Re8 20. Ne5 Qf6 21. Nxg6 hxg6 22. Qg4 Qe6 23. Qf3 Nc5 24. Bg3 Nxb3 25. axb3 Re7 26. Bf2 Qe4 27. Qxe4 dxe4 28. Bc5 Rb7 29. b4 a5 30. Kf2 f5 1/2-1/2

[Event "Rheinhessen-ch U16/U18"]
[Site "Heidesheim"]
[Date "2014.01.07"]
[Round "6"]
[White "Loesch, Adrian Frederic"]
[Black "Bloch, Colin"]
[Result "1/2-1/2"]
[WhiteElo "1553"]
[BlackElo "1358"]
[PlyCount "31"]
[EventDate "2014.01.07"]
[EventType "swiss"]
[EventRounds "7"]
[EventCountry "GER"]
[SourceTitle "EXT 2015"]
[Source "ChessBase"]
[SourceDate "2014.11.20"]
[SourceVersion "1"]
[SourceVersionDate "2014.11.20"]
[SourceQuality "1"]

1. c4 Nf6 2. g3 c6 3. Bg2 g6 4. Nc3 Bg7 5. Nf3 0-0 6. 0-0 d5 7. d3 Nbd7 8. cxd5 Nxd5 9. Bd2 Re8 10. Qc2 N7b6 11. a3 e5 12. Ne4 Qc7 13. Rac1 Bg4 14. Ba5 Bh6 15. Rb1 Qe7 16. Qc5 1/2-1/2

[Event "Rheinhessen-ch U16/U18"]
[Site "Heidesheim"]
[Date "2014.01.07"]
[Round "4"]
[White "Sahin, Umut"]
[Black "Bloch, Colin"]
[Result "0-1"]
[WhiteElo "882"]
[BlackElo "1358"]
[PlyCount "72"]
[EventDate "2014.01.07"]
[EventType "swiss"]
[EventRounds "7"]
[EventCountry "GER"]
[SourceTitle "EXT 2015"]
[Source "ChessBase"]
[SourceDate "2014.11.20"]
[SourceVersion "1"]
[SourceVersionDate "2014.11.20"]
[SourceQuality "1"]

1. e4 c5 2. Nf3 Nc6 3. d3 g6 4. Nc3 Bg7 5. Be3 d6 6. h3 Nd4 7. Bxd4 cxd4 8. Ne2 Qb6 9. Rb1 Be6 10. Nc1 Nf6 11. Qe2 Nd7 12. Ng5 Qa5+ 13. Qd2 Qxd2+ 14. Kxd2 Bh6 15. h4 f6 16. f4 fxg5 17. fxg5 Bg7 18. h5 Ne5 19. c3 Rc8 20. cxd4 Nf7 21. d5 Bd7 22. Ne2 Nxg5 23. Nf4 gxh5 24. Rxh5 Rf8 25. Rxg5 Bh6 26. Rh5 Bxf4+ 27. Ke2 Bg4+ 28. Kf2 Bxh5 29. Re1 Rc2+ 30. Kg1 Rxb2 31. d4 Bd2 32. Be2 Be3+ 33. Kh1 Rxe2 34. Rxe2 Bxe2 35. e5 Rf5 36. exd6 Rh5# 0-1

[Event "Rheinland Pfalz op 5th"]
[Site "Worms"]
[Date "2013.05.30"]
[Round "2"]
[White "Mueller, Michael5555"]
[Black "Bloch, Colin"]
[Result "1-0"]
[WhiteElo "1713"]
[BlackElo "1321"]
[PlyCount "49"]
[EventDate "2013.05.30"]
[EventType "swiss"]
[EventRounds "7"]
[EventCountry "GER"]
[SourceTitle "EXT 2014"]
[Source "ChessBase"]
[SourceDate "2013.11.20"]
[SourceVersion "1"]
[SourceVersionDate "2013.11.20"]
[SourceQuality "1"]

1. d4 Nf6 2. c4 g6 3. Nc3 d5 4. Bg5 Ne4 5. Nxe4 dxe4 6. e3 Bg7 7. Ne2 c5 8. Qd2 Nc6 9. d5 Ne5 10. Nc3 Bf5 11. Be2 Qd7 12. 0-0 h5 13. Rad1 f6 14. Bf4 Nf7 15. h3 g5 16. Bh2 Nd6 17. f3 exf3 18. Bxf3 Nxc4 19. Qe1 Nd6 20. Bxh5+ Kf8 21. e4 Bxe4 22. Nxe4 Nxe4 23. Bg4 f5 24. Rxf5+ Qxf5 25. Bxf5 1-0